Les Meilleures Séries du Monde - Statistiques

Statistiques générales
  • Ce quiz a été pris 1 393 fois
  • Le résultat moyen est 2 sur 10
Statistiques - réponses
Classement Notes Séries % Correct
1 4,648/5 Breaking Bad
90%
2 4,642/5 Game of Thrones
68%
6 4,541/5 Peaky Blinders
29%
3 4,606/5 Chernobyl
11%
4 4,596/5 Arcane
7%
7 4,482/5 L'Attaque des Titans
7%
10 4,462/5 Hunter X Hunter
6%
9 4,464/5 Sherlock
6%
8 4,474/5 1883
2%
5 4,550/5 Blue Eye Samurai
1%
Aucun quiz correspondant
Distribution des résultats
% des personnes avec chaque résultat
Percentile par nombre de réponses
Votre historique - résultats
Vous n’avez pas pris ce quiz